000 00646nam a2200229Ia 4500
005 20230426031604.0
008 230125s9999 xx 000 0 und d
020 _a978-81-265-7556-5
041 _aeng
082 _a153.94
_bWIL
100 _aWiley Publications Pvt. Ltd.
245 _aState Bank of India Probationary Officers (SBI PO) : Solved Papers and Mock Tests
260 _c2018
_bWiley India (p) Ltd
_aNoida,Up
300 _a439p
_cPaper Back
440 _v1
500 _aAptitude Tests
650 _aAptitude Tests
700 _aWiley Publications Pvt. Ltd.
906 _b27
942 _cBK
999 _c95672
_d95672